000 00781nam a2200205Ia 4500
005 20241129110125.0
008 241129s9999||||xx |||||||||||||| ||und||
037 _aTB
040 _aARTS
_bpun
_cARTS
041 _apun
_2pun
084 _aO153:g(Y5927) Q2
_qARTS
100 _aਸਿੰਘ, ਮਹਿਲ, ਥਦ।
245 0 _aਦਲਿਤ ਸਰੋਕਾਰ ਸਿਧਾਂਤ ਤੇ ਵਿਹਾਰ
_cਸਿੰਘ, ਮਹਿਲ, ਥਦ।
260 _aਅੰਮ੍ਰਿਤਸਰ, ਭਾਰਤ
_bਅੰਮ੍ਰਿਤਸਰ ਰਵੀ ਸਾਹਿਤ ਪ੍ਰਕਾਸ਼ਨ
_c2016
300 _a128ਪ੍ਰ0
365 _aINR
_b140
650 _aPunjabi LiteratureCriticismSociology
_9727299
942 _cTB
_hO153:g(Y5927) Q2
999 _c1227394
_d1227394